Europe A-Z - Statistics

General Stats
  • This quiz has been taken 70 times
    65 since last reset
  • The average score is 16 of 26
Answer Stats
Hint Answer % Correct
B Capital of Germany Berlin
100%
E Famous landmark located in Paris {Eiffel} Tower
95%
G Largest city in Scotland Glasgow
92%
D Its mainland is known as the Jutland Peninsula Denmark
90%
O Oldest university in Great Britain Oxford
89%
V Italian city famous for its gondolas Venice
89%
Z Switzerland's largest city Zurich
84%
J Bach's first name Johann
82%
H 73-mile wall in England built by the Romans {Hadrian}'s Wall
80%
F Home of the European Central Bank Frankfurt
79%
S Playwright born in Stratford-upon-Avon Shakespeare
77%
W German endonym for Vienna Wien
74%
R Country home to Bran Castle Romania
67%
M Largest island of the Balearic Islands Mallorca
66%
I Winter Olympics host of 1964 and 1976 Innsbruck
64%
K Initial capital of the Polish-Lithuanian Commonwealth Krakow
64%
P City home to the Charles Bridge Prague
64%
C The Tatras are one of the ranges in these mountains Carpathian
52%
U Dutch city home to Dom Tower Utrecht
52%
L Capital of the Auvergne-Rhône-Alpes region Lyon
49%
N River of St. Petersburg Neva
36%
Y Belgian city home to the Menin Gate Ypres
36%
T City whose main square is the Aristotelous Square Thessaloniki
34%
A City known as the "Pearl of the French Alps" Annecy
11%
X Greek-French composer who composed Pithoprakta Xenakis
5%
Q Largest landslip on the Isle of Skye Quiraing
2%
No matching quizzes found
Score Distribution
Percent of People with Each Score
Percentile by Number Answered
Your Score History
You have not taken this quiz since the last reset